000 00463ntaaa2200193 4500
003 01
005 20251027202807.0
008 0714s1973 ag 01
040 _aAR-BaBN
_bspa
_cAR-BaBN
_eaacr
_dRIC
082 _a862.0000 Ib7
100 _aIbsen, Enrique
245 _aCasa de muñecas
250 _a1 ed.
260 _aBuenos Aires :
_bColección Orbe,
_cc1940
300 _a151 p
500 _aDrama en tres actos
650 _adramatización
942 _cBK
999 _c23254
_d23254